Human factors in Aviation
Αποθηκεύτηκε σε:
| Άλλοι συγγραφείς: | , |
|---|---|
| Μορφή: | Βιβλίο |
| Γλώσσα: | English |
| Δημοσίευση: |
San Diego, New York :
Academic Press,
c1988
|
| Θέματα: | |
| Ετικέτες: |
Προσθήκη ετικέτας
Δεν υπάρχουν, Καταχωρήστε ετικέτα πρώτοι!
|
MARC
| LEADER | 00000nam a2200000 i 4500 | ||
|---|---|---|---|
| 001 | 1/20428 | ||
| 008 | 960308s1988 eng d | ||
| 020 | |a 0-12-750031-6 (pbk.) | ||
| 035 | |l 10021546 | ||
| 040 | |a GR-MY-UA |b gre |e aacr | ||
| 041 | 0 | |a eng | |
| 082 | 0 | |a 629.13 | |
| 245 | 1 | 0 | |a Human factors in Aviation / |c Edited by:Earl L. Wiener, David C. Nagel ; Foreword by : Jerome Lederer |
| 260 | |a San Diego, New York : |b Academic Press, |c c1988 | ||
| 300 | |c 24cm | ||
| 650 | 0 | 0 | |a Aeronautics |x Human factors. |
| 700 | 1 | |a Wiener, Earl L. |4 edt | |
| 700 | 1 | |a Nagel, David C. |4 edt | |
| 852 | |a INST |b CHIOS |e 19960308 |h 629.13 WIE |p 005200004817 |q 005200004817 |t BK |y 0 | ||
| 909 | |a Χ |b 025867 | ||